| 000 | 00788nam a2200181 i 4500 | ||
|---|---|---|---|
| 001 | 104042 | ||
| 003 | ES-MaACL | ||
| 005 | 20251128153302.0 | ||
| 007 | t| | ||
| 008 | 051122s1900 mx ||||1| spa d | ||
| 245 | 0 | 0 |
_aMéxico, su evolución social _b: síntesis de la historia política de la organización administrativa y militar y del estado económico de la Federación méxicana... inventario monumental que resume en trabajos magistrales los grandes progresos de la nación en el siglo XIX / _cDirector literario: Lic D. Justo Sierra. |
| 260 |
_aMéxico : _bJ. Ballescá, _c1900. |
||
| 300 |
_a2 t. en 3 v. ; _c42 cm. |
||
| 651 | 4 |
_aMéxico- _xDescripción. _99061 |
|
| 700 | 1 |
_aSierra, Justo, _d1848-1912 _9160134 |
|
| 852 |
_aES-MaACL _jF-14878-80 |
||
| 999 |
_c104042 _d104042 |
||